Finanční politika České republiky v roce 1993

Formovanie finančnej politiky Českej republiky v roku 1993. Hospodársky vývoj v roku 1992 ako východisko finančnej politiky na rok 1993. Hospodársky vývoj v roku 1993 ako základný rámec finančnej politiky. Skutočnosti, ktoré výrazne determinovali ekonomiku v roku 1993. Štátny rozpočet v ČR. Charakte...

Descrizione completa

Salvato in:
Dettagli Bibliografici
Autore principale: Horčicová, M.
Natura: Capitolo di libro
Lingua:ceco
Soggetti:
Tags: Aggiungi Tag
Nessun Tag, puoi essere il primo ad aggiungerne!!

MARC

LEADER 00000naa a2200000 4500
001 r017338
005 20221205080126.8
041 0 |a cze 
044 |a CZ 
245 1 0 |a Finanční politika České republiky v roce 1993  |c M. Horčicová 
520 |a Formovanie finančnej politiky Českej republiky v roku 1993. Hospodársky vývoj v roku 1992 ako východisko finančnej politiky na rok 1993. Hospodársky vývoj v roku 1993 ako základný rámec finančnej politiky. Skutočnosti, ktoré výrazne determinovali ekonomiku v roku 1993. Štátny rozpočet v ČR. Charakteristika prvého samostatného rozpočtu ČR. 
610 2 0 |a politika finančná 
610 2 0 |a koncepcie 
610 2 0 |a Česko 
610 2 0 |a 1993 
610 2 0 |a 1992 
610 2 0 |a vývoj hospodársky 
610 2 0 |a rozpočet štátny 
100 1 |a Horčicová, M.